Word Ladder: Revolver Quiz Stats

 Plays Quiz Updated Jul 29, 2015

Challenge
Share
Tweet
Embed
Score 0/24 Timer 02:00
0 Plays Today
Clue 4-Letter Word % Correct
Hourglass contentsSAND
95.8%
Husband's partnerWIFE
95.2%
♪ And Your Bird Can ____♪ SING ♪
94.9%
♪ Got to Get You into My ____♪ LIFE ♪
94.5%
Performed a songSANG
94.5%
♪ ____, There and Everywhere ♪♪ HERE ♪
93.1%
Jack and Jill's water containerPAIL
93.1%
Lead vocalist on 'Eleanor Rigby' & 'For No One' PAUL
91.3%
Tortoise opponentHARE
91.1%
Queue, e.g.LINE
91%
Trigonometry functionSINE
91%
Spying device or barbed defenceWIRE
88.8%
Clue 4-Letter Word % Correct
SustenanceFOOD
88.4%
♪ ____ Day Sunshine ♪♪ GOOD ♪
88.1%
Referee's shoutFOUL
88%
Own or possessHAVE
87.2%
Jester or trickFOOL
86.9%
Used to beWERE
86.7%
'Criminal' lawyer in Breaking BadSAUL
80.5%
Followed 'Rubber ____' (UK releases)SOUL
80%
♪ She ____ She ____♪ SAID ♪
76.8%
IndemnifiedPAID
72.6%
♪ ____ You To ♪♪ LOVE ♪
66.8%
Brighton & ____, city in south east EnglandHOVE
62.5%

Today's Daily Dose

You're not logged in!

Compare scores with friends on all Sporcle quizzes.
OR
Log In

You Might Also Like...

Show Comments

Extras

Top Quizzes Today


Score Distribution

Your Account Isn't Verified!

In order to create a playlist on Sporcle, you need to verify the email address you used during registration. Go to your Sporcle Settings to finish the process.

Report this User

Report this user for behavior that violates our Community Guidelines.

Details: